00541 2200181 4500001002100000005001500021035002000036245004600056100001100102250001900113300002900132260006500161082002600226084003200252020002200284650002700306650002600333INLIS00000000000002820250710113353 a0010-07250000281 aBintang di Langit Malam /cSandhya Ramesh1 aRamesh aCetakan Pertam a24 hlm :bilus. ;c21 cm aRawamangun :bBadan Pengembangan dan Pembinaan Bahasa,c2022 aPB 398.209. 598 RAM b aPB 398.209. 598 RAM b RAM b a978-623-307-350-9 4acerita anak-terjemahan 4aliterasi-bahan bacaan